01039nam a22002537a 4500999001900000003000400019020001800023082001800041100001900059245004900078260006800127300001500195546001200210650002400222650002300246650002200269650002900291650002600320650002500346942001200371952014700383952013500530952012000665 c195860d195860OSt a9788171640672 a631.3bSUR/FA aSurendra Singh aFarm machinery:bprinciples and applications aNew DelhibIndian Council of Agricultural Research (ICAR)c2007 avii, 359p. aEnglish aTillage eaquipments aInterculture tools aSugarcane crusher aHorticultural equipments aCleaners and gradders aGardening equipments 2ddccBK 00102ddc40708GenaKAUCLVbKAUCLVcGENERALd2021-04-26g600.00l4m1o631.3 SUR/FAp230900q2026-05-23r2026-05-06 17:07:44s2026-05-06yBK 00102ddc40708GenaKAUCLVbKAUCLVcGENERALd2021-04-26g600.00l1m1o631.3 SUR/FAp230901r2023-06-09 00:00:00s2023-06-09yBK 00102ddc40708GenaKAUCLVbKAUCLVcGENERALd2021-04-26g600.00l0o631.3 SUR/FAp230902r2021-04-26 00:00:00yBK